| 000 | 00512nam a22001817a 4500 | ||
|---|---|---|---|
| 003 | NUST - PNEC | ||
| 005 | 20170116181036.0 | ||
| 008 | 150919b xxu||||| |||| 00| 0 eng d | ||
| 020 | _a0444996370 | ||
| 020 | _a0444418725 | ||
| 040 | _cLIBRARY | ||
| 082 | _a621.434 KOW | ||
| 100 |
_911414 _aKowalewicz, Andrzej |
||
| 245 |
_aCombustion systems of high-speed piston I.C. engines _cAndrzej Kowalewicz |
||
| 260 | _cc.1984 | ||
| 650 |
_911415 _aInternal combustion engines--Combustion _xME |
||
| 942 |
_2ddc _cBK |
||
| 999 |
_c67950 _d67950 |
||